| 000 | 01616nam a22002537a 4500 | ||
|---|---|---|---|
| 999 |
_c21902 _d21902 |
||
| 003 | AR-CdUCM | ||
| 008 | 190425b ||||| |||| 00| 0 spa d | ||
| 040 |
_aMUNICIPALIDAD PROVINCIAL DEL CUSCO _cBIBLIOTECA MUNICIPAL DEL CUSCO |
||
| 082 | _aRev.MAS ALLA/N°1/1922 | ||
| 245 |
_aRevista Más Allá.... : _brevista mensual literario científica / _cDirector G.A. Gonzáles Willis |
||
| 260 |
_aCusco : _b[sn], _c1922. |
||
| 300 |
_a70 páginas. : _c21 cm. |
||
| 440 |
_aRevista Más Allá. _nAño 1, junio de 1922, Número,1. _946754 |
||
| 505 | _aContenido: El veneno del sueño. Raquel M. Bocangel. -- Sugerencias de un viaje. -- El radio. Gonzales Willis. -- El esfuerzo y el triunfo. Anibal Estrada. -- La Filosofía de Bergson. Sixto Coello Jara -- Investigación del Bacilo de Erberth i del Bacilo Coli Comunis en las guas. H. Bert. -- El color de las flores i los frutos precoces. Antonio Lorena. -- Microminerología. Francisco Sivirichi. -- San Cristóbal las parroquias. José Uriel García. -- Francisco Villaespesa. -- La envidia fragmento tomado de El hombre mediocre de José Ingenieros. -- El Sol su pasado y su porvenir el valor del brillo solar. -- El origen del hombre. -- Manuel Gonzáles Prada. -- La tristeza del Inca. José Santos Chocano. -- Pensamientos. Anatole France. | ||
| 650 |
_aLiteratura cusqueña _946755 |
||
| 650 |
_aFilosofía _9395 |
||
| 650 |
_aHistoria del Cusco _91714 |
||
| 650 |
_aParroquias del Cusco _95792 |
||
| 700 |
_aUriel García, José _94176 |
||
| 700 |
_aSivirichi, Francisco _946756 |
||
| 700 |
_aCoello Jara, Sixto _932446 |
||
| 942 |
_2ddc _cPP |
||
| 945 | _arac | ||